Most Polluted U.S. Cities - Statistics

General Stats
  • This quiz has been taken 150 times
  • The average score is 15 of 25
Answer Stats
# City % Correct
2 Los Angeles
97%
6 Chicago
91%
17 Houston
91%
23 Dallas/Fort Worth
90%
15 Detroit
88%
13 Philadelphia
78%
22 Phoenix
77%
21 Atlanta
76%
9 Washington D.C.
75%
11 Cleveland
74%
24 Las Vegas
74%
7 Pittsburgh
72%
14 Indianapolis
69%
25 Denver
67%
18 Cincinnati
66%
4 Sacramento
55%
19 Louisville
52%
12 San Jose
51%
3 Fresno
48%
1 Bakersfield
36%
16 Birmingham
36%
5 Anchorage
29%
10 Modesto
15%
20 Knoxville
14%
8 Lancaster
3%
No matching quizzes found
Score Distribution
Percent of People with Each Score
Percentile by Number Answered
Your Score History
You have not taken this quiz